000 00201nam a2200085 4500
001 1256376
005 20251227124042.0
245 _aDOĞU EKSPRESİNDE CİNAYET
_cAGATHA CHRISTIE
260 _bALTIN KİTAPLAR
999 _c1256376
_d1256376